Sky Train: (Record no. 187847)

MARC details
000 -LEADER
fixed length control field 00532nam a22001817a 4500
005 - DATE AND TIME OF LATEST TRANSACTION
control field 20220502123105.0
010 ## - LCCN (DPL NO)
LC control number ENG-132486
020 ## - INTERNATIONAL STANDARD BOOK NUMBER
International Standard Book Number 9789381626177
Terms of availability 490.00
035 ## - SYSTEM CONTROL NUMBER
System control number EN-116018
037 ## - SOURCE OF ACQUISITION
Source of stock number/acquisition DBAD/PUB
082 ## - DEWEY DECIMAL CLASSIFICATION NUMBER
Classification number 305.4
100 ## - MAIN ENTRY--PERSONAL NAME
Personal name Sam, Canyon
245 ## - TITLE STATEMENT
Title Sky Train:
Remainder of title Tibetan Women On the Edge Of History/
Statement of responsibility, etc Canyon Sam
260 ## - PUBLICATION, DISTRIBUTION, ETC. (IMPRINT)
Place of publication, distribution, etc New Delhi
Name of publisher, distributor, etc Westland Ltd
Date of publication, distribution, etc 2009
270 ## - ADDRESS
Address 4322/3, Ansari Road, Daryaganj
City New Delhi
Postal code 110002
300 ## - PHYSICAL DESCRIPTION
Extent 348p.
Dimensions 20cm(pbk)
942 ## - ADDED ENTRY ELEMENTS (KOHA)
Source of classification or shelving scheme Dewey Decimal Classification
Item type English Books
Classification part 305.4
Call number suffix SAM
Holdings
Withdrawn status Lost status Not for loan Collection code Home library Current library Date acquired Source of acquisition Cost, normal purchase price Full call number Barcode Copy number Cost, replacement price Koha item type
    Not For Loan Non-fiction D.B.Act.Division Mobile Library 02/05/2022 DBAD/PUB 490.00 305.4 SAM EN-116018 1 490.00 English Books

© Delhi Public Library
Hit Counter
free hit counter